| 000 | 00560nam a2200145 i 4500 | ||
|---|---|---|---|
| 001 | 115657 | ||
| 003 | ES-MaACL | ||
| 007 | t| | ||
| 008 | 070424s1907 sp ||||1| spa d | ||
| 100 | 1 |
_aCoderque Navarro, Ramón. _939419 |
|
| 245 | 1 | 0 |
_aContribución al estudio fisiológico y terapéutico de la estovaina _b: memoria que para el grado de doctor en medicina presento... / _cRamón Coderque Navarro. |
| 260 |
_aLeón : _b[s.n.], _c1907 ( _fImpr. de Maximino A. Miñón) |
||
| 300 |
_a80 p., [3] h. pleg. : _bil. ; _c22 cm. |
||
| 852 |
_aES-MaACL _jT-150 bis-F-7 |
||
| 999 |
_c115657 _d115657 |
||